High quality random number generator using programmable cellular automata [Project MSIT-8] (Record no. 10507)

000 -LEADER
fixed length control field 00599 a2200133 4500
082 ## - DEWEY DECIMAL CLASSIFICATION NUMBER
Classification number MSIT-8
100 ## - MAIN ENTRY--PERSONAL NAME
Personal name Azfar Shakeel Khan
9 (RLIN) 100210
245 ## - TITLE STATEMENT
Title High quality random number generator using programmable cellular automata [Project MSIT-8]
Statement of responsibility, etc. Azfar Shakeel Khan
260 ## - PUBLICATION, DISTRIBUTION, ETC.
Place of publication, distribution, etc. Islamabad
Name of publisher, distributor, etc. NUST School of Electrical Engineering and Computer Science
Date of publication, distribution, etc. 2011.
300 ## - PHYSICAL DESCRIPTION
Extent vii, 109p.
Other physical details :ill.
Dimensions ;27cm.+
Accompanying material CD-ROM
500 ## - GENERAL NOTE
General note Supervisors: Dr. Nazar Abbas Saqib, Dr. Fauzan Mirza, Dr. Zahid Anwar, Mr. Ammar Karim
856 ## - ELECTRONIC LOCATION AND ACCESS
Uniform Resource Identifier <a href="http://10.250.8.41:8080/xmlui/handle/123456789/9915">http://10.250.8.41:8080/xmlui/handle/123456789/9915</a>
942 ## - ADDED ENTRY ELEMENTS (KOHA)
Koha item type Project Report
Call number prefix MSIT-8 AZA
Source of classification or shelving scheme
Holdings
Withdrawn status Lost status Damaged status Not for loan Permanent Location Current Location Total Checkouts Full call number Barcode Date last seen Price effective from Koha item type
        Central Library (CL) Central Library (CL)   MSIT-8 AZA SEECSP00960 11/14/2012 11/14/2012 Project Report
© 2023 Central Library, National University of Sciences and Technology. All Rights Reserved.